000 00527nam a2200193Ia 4500
003 GCL
008 140319s9999 xx 000 0 ara d
040 _aGCL /
_cGCL
082 0 4 _a811.094
_bف ع
100 1 _aفؤاد كنعان
245 1 0 _aعلى انهار بابل /
_cفؤاد كنعان
260 _a[S.N] :
_bدار لحد خاطر ،
_c1987
300 _a263 ص
490 _a
650 0 4 _aالادب العربى
650 0 4 _aالشعر الحر
650 0 4 _aالشعر المنثور
942 _2ddc
_cBK
999 _c39969
_d39969